| 000 | 00684cab a22002055a 4500 | ||
|---|---|---|---|
| 001 | L155085 | ||
| 008 | 120228e20120216xxk 000 0 eng d | ||
| 035 | _a(Sirsi) u155085 | ||
| 041 | 0 | _aeng | |
| 100 | 1 | _aCullen, Nick | |
| 245 | 0 | 3 | _aAn update to EU law will bring the UK closer to its 'zero carbon by 2019' objective |
| 260 | _c2012 | ||
| 490 |
_aArchitects' Journal _v235(7) 23 February 2012, 55(1) |
||
| 520 | _aFocuses on the impact the new EU Energy Performance of Buildings Directive (EPBD) will have on Part L of the Building Regulations. | ||
| 590 | _aKA | ||
| 651 | 4 |
_aEngland _y886- |
|
| 651 | 4 |
_aWales _y2007- |
|
| 690 |
_aBuilding regulations _96224 |
||
| 942 | _n0 | ||
| 999 |
_c83807 _d83807 |
||